000
00327nam a2200133Ia 4500
008
190216s9999||||xx |||||||||||||| ||und||
100
_a
"Goel,Garg,Khanna,Shrivastava"
245
0
_a
P M T Guide
250
_a
5th Ed.
260
_b
Rajhans Publications
_c
1991
300
_a
1281
650
_a
Objective Questions
942
_c
REF
999
_c
36141
_d
36141